00840nam a2200217 a 450000100100000000500170001000800410002702000150006804000250008308200140010810000440012224501340016626000660030030000210036649000190038770000450040683000270045104900090047895201180048799900170060500002541220200930023754.0110215s1993 uy r 000 c spa d a9974360269 aDO-SdBNPbspacBNPHU aNNNbE77p1 aEspínola, Franciscod1901-197395201410aPaco :blos mejores cuentos de Francisco Espínola /cFrancisco Espínola ; selección y prólogo de Ana Inés Larre Borges. aMontevideo, (Uruguay) :bInstituto Nacional del Libro,c1993. a157 p. ;c24 cm.1 aBrazo cortov91 aLarre Borges, Ana Inésepról.952015 0aBrazo corto ;v998973 aBNGR 001054708MOaGRbGRcCTd2011-02-15iLF1l0oNNN E77pp25412-10r2020-06-25w2020-06-25y4ZPréstamo en sala c24904d24904